000 00623nam a2200229Ia 4500
003 OSt
005 20220923212103.0
006 a|||||r|||| 00| 0
007 ta
008 220922b |||||||| |||| 00| 0 hin d
024 _a150,631
037 _cTextual
040 _aARTS
_cARTS
_bhin
041 _2hin
_ahin
082 _aG:527, 152L2
100 _aहिलैबी, जॉन
_9156278
245 0 _aप्रकृति और मानव
246 _aPrakṛuti aur mānava
260 _c1972
942 _hG:527, 152L2
_cTEXL
_2CC
999 _c306311
_d306311